Danny and the dinosaur go to camp / (Record no. 3230)

MARC details
000 -LEADER
fixed length control field 00853pam a2200277 a 4500
005 - DATE AND TIME OF LATEST TRANSACTION
control field 20250331113354.0
020 ## - INTERNATIONAL STANDARD BOOK NUMBER
International Standard Book Number 0590266853
040 ## - CATALOGING SOURCE
Original cataloging agency DLC
Transcribing agency DLC
Modifying agency DLC
Language of cataloging eng
050 00 - LIBRARY OF CONGRESS CALL NUMBER
Classification number PZ7.H672
Item number 1996
082 00 - DEWEY DECIMAL CLASSIFICATION NUMBER
Classification number 813.6
100 1# - MAIN ENTRY--PERSONAL NAME
Personal name Hoff, Syd
Dates associated with a name 1912-2004.
245 10 - TITLE STATEMENT
Title Danny and the dinosaur go to camp /
Statement of responsibility, etc. story and pictures by Hoff, Syd
250 ## - EDITION STATEMENT
Edition statement First Scolastic printing , May 1999
260 ## - PUBLICATION, DISTRIBUTION, ETC.
Place of publication, distribution, etc. New York :
Name of publisher, distributor, etc. Scholastc,
Date of publication, distribution, etc. 1996
300 ## - PHYSICAL DESCRIPTION
Extent 32 pages "
Other physical details color illustrations ;
Dimensions 23 cm.
490 ## - SERIES STATEMENT
Series statement Danny and the Dinosaur
505 ## - FORMATTED CONTENTS NOTE
Formatted contents note I <br/>
520 ## - SUMMARY, ETC.
Summary, etc. Danny and his friend the dinosaur go to summer camp together.
521 ## - TARGET AUDIENCE NOTE
Target audience note 440 <br/>
Source Lexile <br/>
521 ## - TARGET AUDIENCE NOTE
Target audience note I <br/>
Source Raz-Plus <br/>
650 #1 - SUBJECT ADDED ENTRY--TOPICAL TERM
Topical term or geographic name entry element Dinosaurs
General subdivision Fiction
650 #1 - SUBJECT ADDED ENTRY--TOPICAL TERM
Topical term or geographic name entry element Camps
General subdivision Fiction
906 ## - LOCAL DATA ELEMENT F, LDF (RLIN)
a 7
b cbc
c orignew
d 1
e ocip
f 19
g y-gencatlg
942 ## - ADDED ENTRY ELEMENTS (KOHA)
Source of classification or shelving scheme Dewey Decimal Classification
Koha item type Books
Suppress in OPAC No
999 ## -
-- 3230
-- 3230
Holdings
Withdrawn status Lost status Source of classification or shelving scheme Damaged status Not for loan Collection Home library Current library Shelving location Date acquired Total Checkouts Full call number Barcode Date last seen Price effective from Koha item type
    Dewey Decimal Classification     Juvenile Fiction Footprints International School Library Network Toul Tom Poung Campus Footprints International School Library Network Toul Tom Poung Campus TTP Primary Dark Blue Bookshelves 02/20/2024   HOF 813.6 PZ7.H672 FISBK04230 02/20/2024 02/20/2024 Books